| 000 | 00879nam a22002297a 4500 | ||
|---|---|---|---|
| 999 |
_c7234 _d7234 |
||
| 003 | AR-CdUCM | ||
| 008 | 190319b ||||| |||| 00| 0 eng d | ||
| 040 |
_aMUNICIPALIDAD PROVINCIAL DEL CUSCO _cBIBLIOTECA MUNICIPAL DEL CUSCO |
||
| 082 |
_a709 / _bP56 |
||
| 100 |
_aRiviére, Jean Roger _920389 |
||
| 245 |
_aSumma Artis, Historia general del arte : _bEl arte de la China / |
||
| 260 |
_aMadrid _bEspasa-Calpe, S.A., _c1966. |
||
| 300 |
_a626 páginas ; _bIlustraciones en color y b/n. _c27 cm. |
||
| 500 | _aHojas dañadas : paginas 325-344 ; 351-356 | ||
| 505 | _aContenido : Conocimiento de China -- La China arcaica de los bronces y de los jades -- El arte imperial de los Han -- El arte búdico de los Wei... | ||
| 650 |
_aHistoria del Arte _91647 |
||
| 650 |
_aPintura _93081 |
||
| 650 |
_aArte _9561 |
||
| 650 |
_aChina _9843 |
||
| 942 |
_2ddc _cLIBROS |
||
| 945 | _admma | ||